Die meisten besuchten Länder von Russen (2018) - Statistiken

Allgemein
  • Dieses Quiz wurde 184 mal gespielt
  • Das Durchschnittsergebnis liegt bei 8 aus 15
Antwortstatistiken
* Besucher Reiseziel % Korrekt
950 Deutschland
93%
1,449 China
92%
849 Italien
81%
808 Spanien
81%
4,907 Türkei
79%
829 Polen
76%
2,498 Finnland
61%
749 Griechenland
61%
1,343 Estland
45%
498 Litauen
43%
418 Bulgarien
35%
794 Thailand
28%
645 Vereinigte Arabische Emirate
21%
695 Zypern
14%
558 Tunesien
9%
Keine übereinstimmenden Quizze gefunden
Verteilung der Resultate
Anzahl Personen mit jedem Resultat
Perzentil nach korrekt beantworteten Fragen
Ihre Resultats-Entwicklung
Sie haben dieses Quiz noch nicht gespielt